| 000 | 00796cab a2200253 4500 | ||
|---|---|---|---|
| 001 | ABS47950 | ||
| 008 | 090401t1993 xxu||||| |||| 00| 0 eng d | ||
| 035 | _a(Sirsi) u64175 | ||
| 041 | _aeng | ||
| 100 | _aLong, E. | ||
| 245 | _aFuel crops join fight to keep land in production | ||
| 260 | _c1993 | ||
| 350 | _a0 | ||
| 490 |
_aFarmers' Weekly _v118(2) 8 January 1993, 50-51 (2) |
||
| 520 | _aReports on the increasing demand in Europe for bio-diesel and how farmers can contribute to meeting this demand and put back land into production by growing oilseed rape. | ||
| 650 | _aBIO-DIESEL | ||
| 650 | _aBIOFUELS | ||
| 650 | _aOILSEED RAPE | ||
| 650 | _aSET-ASIDE | ||
| 690 | _aENVIRONMENTAL AND LAND CONSULTANCY | ||
| 690 | _aRURAL PRACTICE | ||
| 942 | _n0 | ||
| 948 | _c04/03/1997 | ||
| 999 |
_c39958 _d39958 |
||